| 000 | 00969nam a2200313 i 4500 | ||
|---|---|---|---|
| 001 | 768714001 | ||
| 003 | CO-MdFUSB | ||
| 005 | 20240618062722.0 | ||
| 007 | ta | ||
| 008 | 211016t1987 -us |||| |||| 00| 0 eng d | ||
| 020 | _a0877845417 | ||
| 040 |
_aCO-MdFUSB _bspa _cCO-MdFUSB _dCO-MdFUSBC _erda |
||
| 041 | _aeng | ||
| 090 | _aAV 0484 | ||
| 100 |
_aScott, Waldron. _eautor |
||
| 245 |
_aKarl Barth's theology of mission _c/ Waldron Scott |
||
| 264 | 1 |
_aDowners Grove, Ill. : _bInterVarsity Press, _c[1978] |
|
| 264 | 4 | _c© 1978 | |
| 300 |
_a48 páginas _c; 21 cm |
||
| 336 |
_2rdacontent _atexto _btxt |
||
| 337 |
_2rdamedia _asin mediación _bn |
||
| 338 |
_2rdacarrier _avolumen _bnc |
||
| 490 | _aOutreach and identity, | ||
| 505 | _aPresupuestos de la teología de la misión de Barth - Resumen de la visión de Barth - Evaluación de la visión de Barth. | ||
| 563 | _aRústico | ||
| 650 | 0 |
_aMisiones _9154 |
|
| 942 | _cAV | ||
| 999 |
_c66963 _d66963 |
||